00490nam a2200193 a 4500001001300000003000900013005001700022008004100039020001000080082001700090100002000107245001900127260005300146300000900199500003500208505001700243650001600260700002000276nice12345678IN_TiNIC20260116012907.0050524s1973 hyda grp 000 0 urd  ac3.500a891.41bARE1 aAreeb, Sulaiman aKadvi Khushboo aHyderabadbSahitya Academy, Andhra Pradeshc1973 a162p aincludes index and biblioraphy2 aBibliography aUrdu-Poetry1 aAreeb, Sulaiman